Approaches to environmental litigation and advocacy in Southern Africa/ (Record no. 157956)
[ view plain ]
| 000 -LEADER | |
|---|---|
| fixed length control field | 00803nam a2200229 a 4500 |
| 008 - FIXED-LENGTH DATA ELEMENTS--GENERAL INFORMATION | |
| fixed length control field | |
| 020 ## - INTERNATIONAL STANDARD BOOK NUMBER | |
| International Standard Book Number | 1779310013 (pbk.) |
| 049 ## - LOCAL HOLDINGS (OCLC) | |
| Holding library | MAIN |
| 050 00 - LIBRARY OF CONGRESS CALL NUMBER | |
| Classification number | KQC705 |
| -- | APP |
| 003 - CONTROL NUMBER IDENTIFIER | |
| control field | |
| 005 - DATE AND TIME OF LATEST TRANSACTION | |
| control field | 20230123133959.0 |
| 040 ## - CATALOGING SOURCE | |
| Transcribing agency | NUST |
| 245 00 - TITLE STATEMENT | |
| Title | Approaches to environmental litigation and advocacy in Southern Africa/ |
| Remainder of title | IUCN-the world conservation union. |
| 260 ## - PUBLICATION, DISTRIBUTION, ETC. | |
| Place of publication, distribution, etc. | Harare : |
| Name of publisher, distributor, etc. | IUCN, Regional Office for Southern Africa, |
| Date of publication, distribution, etc. | c2002. |
| 300 ## - PHYSICAL DESCRIPTION | |
| Extent | xii, 132 p. : |
| Other physical details | ill. (some col.) ; |
| Dimensions | 30 cm. |
| 440 #0 - SERIES STATEMENT/ADDED ENTRY--TITLE | |
| Title | IUCN-ROSA handbook series ; |
| Volume/sequential designation | no. 3. |
| 504 ## - BIBLIOGRAPHY, ETC. NOTE | |
| Bibliography, etc. note | Includes bibliographical references. |
| 650 #0 - SUBJECT ADDED ENTRY--TOPICAL TERM | |
| Topical term or geographic name entry element | Environmental law |
| Geographic subdivision | Africa, Southern. |
| 710 2# - ADDED ENTRY--CORPORATE NAME | |
| Corporate name or jurisdiction name as entry element | IUCN Regional Office for Southern Africa. |
| 907 ## - LOCAL DATA ELEMENT G, LDG (RLIN) | |
| a | .b1016067x |
| b | 13-01-06 |
| c | 23-03-05 |
| 942 ## - ADDED ENTRY ELEMENTS (KOHA) | |
| Koha item type | Ordinary Loan Books |
| Date last seen | Total Checkouts | Full call number | Barcode | Cost, replacement price | Price effective from | Koha item type | Lost status | Source of classification or shelving scheme | Damaged status | Not for loan | Collection | Withdrawn status | Home library | Current library | Shelving location | Date acquired | Cost, normal purchase price |
|---|---|---|---|---|---|---|---|---|---|---|---|---|---|---|---|---|---|
| 01/23/2023 | 1 | KQC705 IUC | 92003030330 | 80.00 | 01/23/2023 | BOOKS | LCC | 1 | NFIC | MAIN | MAIN | GEN | 01/23/2023 | 80.00 |